000 00434nam a22001697a 4500
003 CEME
005 20210628205920.0
008 210208b xxu||||| |||| 00| 0 eng d
040 _c.
082 _a891.4391 DAN
100 _aDanish, Shafie Haider Shafie Haider Danish
_977453
245 _aMosam-e-hijro wisal
260 _aKARACHI
_bDANISH KADHA
_c1999
300 _a122P
650 _aURDU ADAB-POETRY
_928226
942 _cBK
_2ddc
999 _c582718
_d582718